Województwa Polski na mapie topologicznej - Statystyki

Ogólne statystyki
  • Ten quiz został rozwiązany 5 405 razy
  • Średni wynik to 12 z 16
Odpowiedzi na mapie
Odpowiedzi zakodowano w zielono-czerwonej skali na mapie do tego quizu, zgodnie z poniższymi procentami.
 
Statystyki odpowiedzi
Odpowiedź % Poprawnych
Mazowieckie
84%
Zachodniopomorskie
83%
Pomorskie
82%
Wielkopolskie
80%
Łódzkie
79%
Podkarpackie
79%
Podlaskie
79%
Kujawsko-pomorskie
78%
Lubuskie
78%
Świętokrzyskie
77%
Lubelskie
77%
Warmińsko-mazurskie
76%
Dolnośląskie
75%
Małopolskie
75%
Śląskie
70%
Opolskie
58%
Nie znaleziono quizów pasujących do podanych kryteriów
Rozkład punktacji
Procent ludzi z każdym wynikiem
Percentyl według liczby udzielonych odpowiedzi
Twoja historia wyników
Nie rozwiązałeś tego quizu